Kívülről új - belülről kellemetlen
Elmentve itt :
| Szerző: | |
|---|---|
| Dokumentumtípus: | Cikk |
| Megjelent: |
1964-12-15
|
| Sorozat: | Délmagyarország
54 No. 293 |
| Kulcsszavak: | Építkezés lakás felújítás kritika Szeged 1964, öregek ellátása |
| Online Access: | http://dmarchiv.bibl.u-szeged.hu/73193 |
| LEADER | 00514nab a2200157 i 4500 | ||
|---|---|---|---|
| 001 | delm73193 | ||
| 005 | 20180928082627.0 | ||
| 008 | 180928s1964 hu o 0|| hun d | ||
| 040 | |a SZTE Délmagyarország Archívum |b hun | ||
| 041 | |a hun | ||
| 100 | 1 | |a Ormos János | |
| 245 | 1 | 0 | |a Kívülről új - belülről kellemetlen |h [elektronikus dokumentum] / |c Ormos János |
| 260 | |c 1964-12-15 | ||
| 300 | |a 3 | ||
| 490 | 0 | |a Délmagyarország |v 54 No. 293 | |
| 695 | |a Építkezés lakás felújítás kritika Szeged 1964, öregek ellátása | ||